Lady Gaga - MAYHEM - Statistiques

Statistiques générales
  • Ce quiz a été pris 61 fois
  • Le résultat moyen est 14 sur 17
Statistiques - réponses
Sortie Titre % Correct
3 février 2025 Abracadabra
98%
25 octobre 2024 Disease
95%
7 mars 2025 Garden of Eden
95%
7 mars 2025 Zombieboy
88%
3 septembre 2025 The Dead Dance
86%
16 août 2024 Die With A Smile
83%
7 mars 2025 Perfect Celebrity
83%
7 mars 2025 Killah
81%
7 mars 2025 Vanish Into You
81%
7 mars 2025 Shadow Of A Man
79%
7 mars 2025 Blade Of Grass
74%
7 mars 2025 How Bad Do U Want Me
74%
7 mars 2025 LoveDrug
74%
7 mars 2025 The Beast
74%
7 mars 2025 Kill For Love
71%
7 mars 2025 Don't Call Tonight
62%
7 mars 2025 Can't Stop the High
60%
Aucun quiz correspondant
Distribution des résultats
% des personnes avec chaque résultat
Percentile par nombre de réponses
Votre historique - résultats
Vous n’avez pas pris ce quiz